Code of estimating practice; prepared by the Estimating Practice Committee of the Institute of Building (Record no. 88376)

MARC details
000 -LEADER
fixed length control field 00648cam a2200217 4500
008 - FIXED-LENGTH DATA ELEMENTS--GENERAL INFORMATION
fixed length control field 090401t1973 xxu||||| |||| 00| 0 eng d
020 ## - INTERNATIONAL STANDARD BOOK NUMBER
International Standard Book Number 0901822159
035 ## - SYSTEM CONTROL NUMBER
System control number (Sirsi) u23304
041 ## - LANGUAGE CODE
Language code of text/sound track or separate title eng
050 ## - LIBRARY OF CONGRESS CALL NUMBER
Classification number 692.5
110 ## - MAIN ENTRY--CORPORATE NAME
Corporate name or jurisdiction name as entry element Institute of Building
9 (RLIN) 2440
245 ## - TITLE STATEMENT
Title Code of estimating practice; prepared by the Estimating Practice Committee of the Institute of Building
250 ## - EDITION STATEMENT
Edition statement 3rd
260 ## - PUBLICATION, DISTRIBUTION, ETC.
Place of publication, distribution, etc. Ascot
Name of publisher, distributor, etc. IOB
Date of publication, distribution, etc. 1973
300 ## - PHYSICAL DESCRIPTION
Extent 72p in various pagings. fold leaf. 1 ill. forms. 30cm. Pbk
350 ## - PRICE (NR) (BK AM CF MU VM SE) [OBSOLETE]
Price 2
520 ## - SUMMARY, ETC.
Summary, etc. Previous ed 1968
710 ## - ADDED ENTRY--CORPORATE NAME
Corporate name or jurisdiction name as entry element Estimating Practice Committee
9 (RLIN) 2445
942 ## - ADDED ENTRY ELEMENTS (KOHA)
Suppress in OPAC 0
948 ## - LOCAL PROCESSING INFORMATION (OCLC); SERIES PART DESIGNATOR (RLIN)
c (OCLC) 04/03/1997
Holdings
Withdrawn status Lost status Source of classification or shelving scheme Damaged status Not for loan Home library Current library Shelving location Date acquired Cost, normal purchase price Total Checkouts Full call number Barcode Date last seen Copy number Cost, replacement price Price effective from Koha item type
    Dewey Decimal Classification     London London Basement 13/08/1991 2.00   SHELF 117 30008420 06/08/2019 1 2.00 06/08/2019 Book